প্রসঙ্গঃ সংস্কৃতি আর্য বনাম অনার্য / (Record no. 44251)
[ view plain ]
| 000 -LEADER | |
|---|---|
| fixed length control field | 00991nam a2200253 a 4500 |
| 001 - CONTROL NUMBER | |
| control field | 44251 |
| 003 - CONTROL NUMBER IDENTIFIER | |
| rucl marc code | BD-RjUL |
| 005 - DATE AND TIME OF LATEST TRANSACTION | |
| control field | 20211209053826.0 |
| 008 - FIXED-LENGTH DATA ELEMENTS--GENERAL INFORMATION | |
| fixed length control field | 160716s 1980bg a|||| |||| 00| 0 ben d |
| 020 ## - INTERNATIONAL STANDARD BOOK NUMBER | |
| Terms of availability | : Tk.30.00 |
| 035 ## - SYSTEM CONTROL NUMBER | |
| System control number | (BD-RjUL)44369 |
| 040 ## - CATALOGING SOURCE | |
| Original cataloging agency | BD-RjUL |
| Language of cataloging | ben |
| Transcribing agency | BD-RjUL |
| 041 ## - LANGUAGE CODE | |
| Language code of text/sound track or separate title | ben |
| 082 ## - DEWEY DECIMAL CLASSIFICATION NUMBER | |
| Edition number | 23 |
| Classification number | 306 |
| Author mark and year | ABP 1980 |
| 100 ## - MAIN ENTRY--PERSONAL NAME | |
| Personal name | আবদুল্লাহ, আবি |
| 9 (RLIN) | 118213 |
| 245 10 - TITLE STATEMENT | |
| Title | প্রসঙ্গঃ সংস্কৃতি আর্য বনাম অনার্য / |
| Statement of responsibility, etc. | আবি আবদুল্লাহ |
| 260 ## - PUBLICATION, DISTRIBUTION, ETC. (IMPRINT) | |
| Place of publication, distribution, etc. | ঢাকা : |
| Name of publisher, distributor, etc. | শাফা প্রকাশনী, |
| Date of publication, distribution, etc. | ১৯৮০ |
| 300 ## - PHYSICAL DESCRIPTION | |
| Pagination | [১০],২২৬পৃ. : |
| Illustrations | চিত্র ; |
| Size | ২১ সেমি. |
| 500 ## - GENERAL NOTE | |
| General note | নির্ঘন্ট সংযুক্ত |
| 504 ## - BIBLIOGRAPHY, ETC. NOTE | |
| Bibliography, etc | গ্রন্থ পঞ্জি সংযুক্ত |
| 650 ## - SUBJECT ADDED ENTRY--TOPICAL TERM | |
| Topical term or geographic name as entry element | সংস্কৃত নৃ-বিজ্ঞান |
| 9 (RLIN) | 210925 |
| Topical term or geographic name as entry element | Cultural anthropology |
| 9 (RLIN) | 166497 |
| 942 ## - ADDED ENTRY ELEMENTS (KOHA) | |
| Source of classification or shelving scheme | Dewey Decimal Classification |
| Koha item type | Books |
| Lost status | Source of classification or shelving scheme | Damaged status | Not for loan | Collection code | Permanent Location | Current Location | Shelving location | Date acquired | Total Checkouts | Full call number | Date last seen | Date checked out | Copy number | Koha item type | Source of acquisition | Cost, normal purchase price |
|---|---|---|---|---|---|---|---|---|---|---|---|---|---|---|---|---|
| Dewey Decimal Classification | Non-fiction | Central Library, University of Rajshahi | Central Library, University of Rajshahi | 27/03/1994 | 1 | B 306 ABP 1980 | 04/02/2024 | 23/01/2024 | C-2 | Books | ||||||
| Dewey Decimal Classification | Non-fiction | Central Library, University of Rajshahi | Central Library, University of Rajshahi | 27/03/1994 | B 306 ABP 1980 | 05/09/2016 | C-3 | Books | Gift | |||||||
| Dewey Decimal Classification | Non-fiction | Central Library, University of Rajshahi | Central Library, University of Rajshahi | 27/03/1994 | B 306 ABP 1980 | 19/09/2016 | C-4 | Books | R.U.C.L | |||||||
| Dewey Decimal Classification | Not For Loan | Non-fiction | Central Library, University of Rajshahi | Central Library, University of Rajshahi | Reading Room | 27/03/1994 | B 306 ABP 1980 | 26/04/2017 | C-1 | Books | Divisional Library, Rajshahi | 30.00 |